| 000 | 00609nam a2200217Ia 4500 | ||
|---|---|---|---|
| 008 | 200601s9999 xx 000 0 und d | ||
| 020 | _a978-621-406-233-1 | ||
| 050 | _aFIL TX 911.3 | ||
| 050 | _b.M27Y37 2019 | ||
| 245 | 0 | _aFundamentals in lodging / | |
| 245 | 0 | _cJennefer Y. Yap, Evan Laurence R. Yap. | |
| 260 | _aManila : | ||
| 260 | _bMindshapers, | ||
| 260 | _c2019 | ||
| 300 | _a134 pages : | ||
| 300 | _billustrations ; | ||
| 300 | _c23 cm. | ||
| 500 | _aIncludes bibliographical references. | ||
| 650 | _aHospitality industry. | ||
| 650 | _xHospitality industry -- Vocational guidance. | ||
| 999 |
_c363189 _d363189 |
||